000 00307nam a22001337a 4500
008 171027b xxu||||| |||| 00| 0 eng d
020 _a0133069103
041 _aeng
080 _28 ED
_a55
100 _a55
101 _aMEN
245 _aFINANACIAL MANAGEMENT AND POLICY
_cHORNE.J.C
942 _2udc
_cBK
999 _c35982
_d35982